I'll be a firefighter / by Connie Colwell Miller ; illustrated by Silvia Baroncelli.
"Twins Lucy and Liam pretend to be firefighters after school and show what it's like to be a professional firefighter"--Provided by the publisher.
Record details
- ISBN: 9781607537618
- Physical Description: 26 pages : color illustrations ; 21 x 24 cm.
- Publisher: Mankato, MN : Amicus Illustrated, ©2017.
Content descriptions
| General Note: | Includes glossary. |
| Target Audience Note: | K-3 Medialog, Inc. |
Search for related items by subject
| Subject: | Fire fighters > Juvenile literature. Fire extinction > Juvenile literature. |
Search for related items by series
Available copies
- 1 of 1 copy available at scottsboropl.
Holds
- 0 current holds with 1 total copy.
Show Only Available Copies
| Location | Call Number / Copy Notes | Barcode | Shelving Location | Status | Due Date |
|---|---|---|---|---|---|
| scottsboropl | E 331.1 Mil | 32269001012759 | Juvenile - Easy NonFiction | Available | - |
| LDR | 01376cam a2200349 a 4500 | ||
|---|---|---|---|
| 001 | 143271 | ||
| 003 | CONS | ||
| 005 | 20170512090210.0 | ||
| 008 | 161117s2017 mnua j 000 0 eng d | ||
| 010 | . | ‡a 2015029347 | |
| 020 | . | ‡a9781607537618 ‡q(hardback) | |
| 035 | . | ‡a(CPomAG)LMN599404 | |
| 082 | 1 | 4. | ‡a628.9 ‡215 |
| 100 | 1 | . | ‡aMiller, Connie Colwell, ‡d1976- |
| 245 | 1 | 0. | ‡aI'll be a firefighter / ‡cby Connie Colwell Miller ; illustrated by Silvia Baroncelli. |
| 246 | 3 | . | ‡aI will be a firefighter |
| 246 | 3 | . | ‡aWhen I grow up I'll be a firefighter |
| 260 | . | ‡aMankato, MN : ‡bAmicus Illustrated, ‡c©2017. | |
| 300 | . | ‡a26 pages : ‡bcolor illustrations ; ‡c21 x 24 cm. | |
| 336 | . | ‡atext ‡btxt 2rdacontent | |
| 337 | . | ‡aunmediated ‡bn 2rdamedia | |
| 338 | . | ‡avolume ‡bnc 2rdacarrier | |
| 490 | 0 | . | ‡aWhen I grow up |
| 500 | . | ‡aIncludes glossary. | |
| 520 | . | ‡a"Twins Lucy and Liam pretend to be firefighters after school and show what it's like to be a professional firefighter"--Provided by the publisher. | |
| 521 | 2 | . | ‡aK-3 ‡bMedialog, Inc. |
| 650 | 0. | ‡aFire fighters ‡vJuvenile literature. | |
| 650 | 0. | ‡aFire extinction ‡vJuvenile literature. | |
| 700 | 1 | . | ‡aBaroncelli, Silvia, ‡eill. |
| 914 | . | ‡aSCP_jd | |
| 959 | . | ‡i32269001012759 ‡lJ 628.9 Mil ‡aJuvenile - NonFiction ‡tJuv Nonfiction ‡g20.00 | |
| 852 | . | ‡p32269001012759 ‡jJ 628.9 Mil ‡gJuvenile - NonFiction ‡cJuv Nonfiction ‡y20.00 ‡bSBPL | |
| 901 | . | ‡a143271 ‡bUnknown ‡c143271 ‡tbiblio | |